Základy matematiky ke studiu věd přírodních a technických. Část 1 /

Hlavní autor: Vojtěch, Jan, 1879-1953
Jazyk: Čeština
Vydáno: Praha : Přírodovědecké vydavatelství, 1952
Vydání: 7. vyd., 4. dotisk
Fyzický popis: 424 s.
Knihy
Uloženo v:
LEADER 00706nam a22002172a 4500
001 000343745
003 CZ BrMZK
005 19980115143423.0
007 ta
008 980115s1952 xr f cze d
015 |a cnb000406755 
035 |a (OCoLC)85175089 
040 |a BOA001  |b cze 
100 1 |a Vojtěch, Jan,  |d 1879-1953  |7 jk01150366 
245 1 0 |a Základy matematiky ke studiu věd přírodních a technických.  |n Část 1 /  |c Jan Vojtěch 
250 |a 7. vyd., 4. dotisk 
260 |a Praha :  |b Přírodovědecké vydavatelství,  |c 1952 
300 |a 424 s. 
910 |a BOA001  |b 2-0296.315,1 
990 |a BK 
996 6 |b 2619840982  |c 2-0296.315,1  |l MZK  |r Sklad / do 24 hodin  |n 0  |w 000343745  |u 000020  |a 1  |e BOA001  |j MZK50  |s P